| 000 | 01621nam a2200433Ii 4500 | ||
|---|---|---|---|
| 001 | DIGVISION0079 | ||
| 003 | NyNyDIG | ||
| 006 | m o d | ||
| 007 | cr ||||||||||| | ||
| 008 | 220422s2011 sp a o 000 0 spa d | ||
| 035 | _a(OCoLC)1313667437 | ||
| 040 |
_aDGITA _beng _erda _epn _cDGITA |
||
| 020 |
_a9788490111284 _qeBook _qpdf |
||
| 020 | _z9788490110638 | ||
| 050 | 1 | 4 | _aLB1050.4 ebook |
| 082 | 0 | 4 | _a418.4 |
| 100 | 1 |
_aGarcía Carrasco, Luis, _d1973- _eauthor. |
|
| 245 | 1 | 0 |
_aCómo dominar el arte de la lectura rápida / _cLuis García Carrasco. |
| 250 | _aSegunda edición. | ||
| 264 | 1 |
_aMadrid, España : _bVisión Libros, _c[2011] |
|
| 300 |
_a1 online resource : _billustrations. |
||
| 336 |
_atext _btxt _2rdacontent |
||
| 337 |
_acomputer _bc _2rdamedia |
||
| 338 |
_aonline resource _bcr _2rdacarrier |
||
| 347 |
_atext file _2rdaft |
||
| 347 | _bPDF | ||
| 490 | 1 | _aSerie "Aprendiendo a estudiar" | |
| 500 | _a"El Arte de la Memoria.org" --Cover. | ||
| 588 | 0 | _aOnline resource; title from PDF title page (Digitalia, viewed April 22, 2022) | |
| 650 | 0 | _aSpeed reading. | |
| 655 | 0 | _aElectronic books. | |
| 791 | 2 |
_aDigitalia (Firm), _edistributor. |
|
| 793 | 0 |
_gDigitalia eBook Collection: _aVisión Libros |
|
| 776 | 0 | 8 |
_iPrint version: _aGarcía Carrasco, Luis, 1973- _tCómo dominar el arte de la lectura rápida. _bSegunda edición. _dMadrid, España : Visión Libros, [2011] _z9788490110638 |
| 830 | 0 | _aSerie Aprendiendo a estudiar. | |
| 856 | 4 | 0 |
_3Digitalia Hispánica _uhttps://www.digitaliapublishing.com/a/88898/ |
| 910 | _aPremium collection: 2022 | ||
| 942 | _cRAA | ||
| 999 |
_c267346 _d267346 |
||